000 01285cam a2200133 4500500
005 20251214001916.0
041 _afre
042 _adc
100 1 0 _aSilem, Ahmed
_eauthor
245 0 0 _aL'économie politique : Bases méthodologiques et problèmes fondamentaux
260 _bArmand Colin,
_c2011.
520 _aL'économie politique analyse les moyens d'action des collectivités et des gouvernements en matière de politiques économiques. Ce manuel en fait une analyse complète en présentant les enjeux méthodologiques et les grandes théories économiques, les opérations économiques fondamentales, les grands enjeux contemporains, les politiques économiques destinées à l'obtention d'une croissance durable, du plein emploi, de la stabilité des prix et de l'équilibre dans les échanges internationaux. Cette 6e édition analyse les nouvelles théories issues de la crise économique. Ahmed Silem, professeur des universités, enseigne à l’université Jean- Moulin Lyon-3 l’économie de l’information et des médias à la faculté des lettres, l’économie politique à la faculté de droit, et l’économie générale à l’IAE de Lyon-3.
856 4 1 _uhttps://shs.cairn.info/l-economie-politique--9782200272142?lang=fr&redirect-ssocas=7080
999 _c1566565
_d1566565